[Event "COL-ch Amateur U2000"]
[Site "Paipa"]
[Date "2020.02.27"]
[Round "2"]
[White "Ramirez Montoya, Jorge A"]
[Black "Pena, Fernando"]
[Result "0-1"]
[WhiteElo "1818"]
[BlackElo "1890"]
[PlyCount "90"]
[EventDate "2020.02.26"]
[EventType "swiss"]
[EventRounds "9"]
[EventCountry "COL"]
[SourceTitle "CBM 195 Extra"]
[Source "ChessBase"]
[SourceDate "2020.05.31"]
[SourceVersion "1"]
[SourceVersionDate "2020.05.31"]
[SourceQuality "1"]

1. e4 c5 2. Nf3 e6 3. d4 cxd4 4. Nxd4 Nf6 5. Nc3 Bb4 6. Bd3 d5 7. e5 Ne4 8. Bxe4 dxe4 9. Ndb5 Qa5 10. Nd6+ Ke7 11. Qh5 g6 12. Qg5+ Kd7 13. Ndxe4 Nc6 14. Bf4 Kc7 15. 0-0 Bd7 16. a3 Be7 17. Qg3 g5 18. Nxg5 b5 19. b4 Qb6 20. Qd3 a6 21. Nxf7 Rhf8 22. Rad1 Be8 23. Nd6 Bg6 24. Qd2 Rad8 25. Be3 Qb8 26. f4 Bh5 27. Nce4 Qa8 28. Nc5 Bg4 29. h3 Bf5 30. g4 Rg8 31. Kh2 Bg6 32. Nxe6+ Kb8 33. Nxd8 Rxd8 34. Bb6 Rg8 35. f5 Nxe5 36. Bc7+ Kxc7 37. Nxb5+ Kc8 38. Qc3+ Nc6 39. Nd6+ Kc7 40. fxg6 Rxg6 41. Nf5 Bf6 42. Qd3 Be5+ 43. Ng3 Qe8 44. Rfe1 h5 45. Qxg6 Qxg6 0-1

[Event "Bogota Navidad op"]
[Site "Bogota"]
[Date "2019.12.07"]
[Round "5"]
[White "Pena, Fernando"]
[Black "Bareno Martinez, Raul Antonio"]
[Result "1-0"]
[WhiteElo "1893"]
[BlackElo "1628"]
[PlyCount "21"]
[EventDate "2019.12.05"]
[EventType "swiss"]
[EventRounds "7"]
[EventCountry "COL"]
[SourceTitle "CBM 193 Extra"]
[Source "ChessBase"]
[SourceDate "2020.01.31"]
[SourceVersion "1"]
[SourceVersionDate "2020.01.31"]
[SourceQuality "1"]

1. e4 e5 2. b3 Bc5 3. Nf3 Nc6 4. Bc4 Nf6 5. Qe2 0-0 6. c3 a6 7. 0-0 b5 8. Bd5 Nxd5 9. exd5 Ne7 10. Nxe5 Nxd5 11. d4 1-0

[Event "Bogota Mayores Alcaldia op 8th"]
[Site "Bogota"]
[Date "2018.06.11"]
[Round "7"]
[White "Gonzalez Delgado, Hugo Andres"]
[Black "Pena, Fernando"]
[Result "1-0"]
[WhiteElo "1844"]
[BlackElo "1909"]
[PlyCount "43"]
[EventDate "2018.06.08"]
[EventType "swiss"]
[EventRounds "7"]
[EventCountry "COL"]
[SourceTitle "CBM 184 Extra"]
[Source "ChessBase"]
[SourceDate "2018.06.28"]
[SourceVersion "1"]
[SourceVersionDate "2018.06.28"]
[SourceQuality "1"]

1. e4 e5 2. Nf3 Nc6 3. d4 exd4 4. Bc4 Nf6 5. e5 d5 6. Bb5 Ne4 7. Nxd4 Bd7 8. Bxc6 bxc6 9. 0-0 Bc5 10. f3 Ng5 11. f4 Ne4 12. c3 g6 13. Nd2 Nxd2 14. Bxd2 h5 15. Kh1 Bxd4 16. cxd4 a5 17. Qe1 h4 18. Bxa5 h3 19. g3 Qc8 20. Bb4 Bf5 21. Qc3 Ra6 22. a4 1-0

[Event "Bogota Mayores Alcaldia op 8th"]
[Site "Bogota"]
[Date "2018.06.10"]
[Round "4"]
[White "Pena, Fernando"]
[Black "Beltran Cubillos, Santiago"]
[Result "0-1"]
[WhiteElo "1909"]
[BlackElo "1631"]
[PlyCount "70"]
[EventDate "2018.06.08"]
[EventType "swiss"]
[EventRounds "7"]
[EventCountry "COL"]
[SourceTitle "CBM 184 Extra"]
[Source "ChessBase"]
[SourceDate "2018.06.28"]
[SourceVersion "1"]
[SourceVersionDate "2018.06.28"]
[SourceQuality "1"]

1. e4 e6 2. c4 d5 3. cxd5 exd5 4. exd5 Qxd5 5. Nc3 Qd8 6. d4 Nf6 7. Bc4 Bd6 8. Bg5 0-0 9. h3 Re8+ 10. Nge2 Be6 11. Bd3 c6 12. Qc2 h6 13. Bd2 Nbd7 14. 0-0 Nb6 15. Rad1 Qc7 16. b3 Rad8 17. Qc1 Nbd5 18. Ne4 Nxe4 19. Bxe4 Bf8 20. Nf4 Nxf4 21. Bxf4 Qa5 22. Bb1 Bf5 23. Be3 Bxb1 24. Qxb1 Be7 25. Rd3 Bf6 26. Rfd1 Rd5 27. R1d2 Red8 28. Qd1 Qb5 29. Qg4 Kf8 30. a4 Qa6 31. Qf3 c5 32. Qe4 Kg8 33. Rd1 Qe6 34. Qxe6 fxe6 35. Kf1 cxd4 0-1

[Event "Bogota Mayores Alcaldia op 8th"]
[Site "Bogota"]
[Date "2018.06.09"]
[Round "3"]
[White "Otalora Pacheco, Carlos Eduardo"]
[Black "Pena, Fernando"]
[Result "1-0"]
[WhiteElo "2155"]
[BlackElo "1909"]
[PlyCount "57"]
[EventDate "2018.06.08"]
[EventType "swiss"]
[EventRounds "7"]
[EventCountry "COL"]
[SourceTitle "CBM 184 Extra"]
[Source "ChessBase"]
[SourceDate "2018.06.28"]
[SourceVersion "1"]
[SourceVersionDate "2018.06.28"]
[SourceQuality "1"]

1. d4 Nf6 2. Nf3 e6 3. c4 d5 4. g3 Be7 5. Bg2 c6 6. 0-0 0-0 7. Qc2 b5 8. c5 a5 9. a3 Nbd7 10. Nc3 e5 11. dxe5 Ng4 12. e4 d4 13. Nxd4 Bxc5 14. Nxc6 Qb6 15. Nd5 Qb7 16. h3 Re8 17. Nxa5 Rxa5 18. hxg4 b4 19. Bf4 bxa3 20. b4 Bxb4 21. Rfb1 Rb5 22. Qc4 Nxe5 23. Bxe5 Rxe5 24. Nxb4 h6 25. Rxa3 Rec5 26. Qd4 Qc7 27. Bf1 Rb8 28. Raa1 Bb7 29. Na6 1-0

[Event "COL-ch sf 2nd"]
[Site "Tunja"]
[Date "2018.04.22"]
[Round "10"]
[White "Cardenas, Alejandro"]
[Black "Pena, Fernando"]
[Result "1-0"]
[WhiteElo "2036"]
[BlackElo "1900"]
[PlyCount "94"]
[EventDate "2018.04.17"]
[EventType "swiss"]
[EventRounds "10"]
[EventCountry "COL"]
[SourceTitle "CBM 184 Extra"]
[Source "ChessBase"]
[SourceDate "2018.06.28"]
[SourceVersion "1"]
[SourceVersionDate "2018.06.28"]
[SourceQuality "1"]

1. d4 Nf6 2. Nf3 e6 3. c4 c5 4. d5 exd5 5. cxd5 d6 6. Nc3 g6 7. e4 Bg7 8. Bd3 0-0 9. 0-0 Bg4 10. h3 Bxf3 11. Qxf3 Nbd7 12. Qd1 Rc8 13. Bg5 a6 14. a4 c4 15. Bc2 Re8 16. Re1 h6 17. Bh4 Qb6 18. Qd2 g5 19. Bg3 Nh5 20. a5 Qxb2 21. Na4 Qf6 22. Bh2 Nf4 23. Rab1 c3 24. Qc1 Rc7 25. Rb3 Rec8 26. Qa3 Qd4 27. Bxf4 gxf4 28. Rd1 Qe5 29. Rdb1 Rb8 30. Nb6 Nc5 31. Rb4 Kh8 32. Qc1 Rg8 33. Nc4 Qg5 34. Qf1 Bf8 35. Rb6 Qe7 36. e5 Qh4 37. exd6 Rd7 38. Ne5 Qxh3 39. Bg6 Qh4 40. Bf5 f3 41. g3 Rxg3+ 42. fxg3 Qxg3+ 43. Kh1 Qxe5 44. Bxd7 Nxd7 45. Rxb7 Bxd6 46. Qh3 Qxd5 47. Qxh6+ Kg8 1-0

[Event "COL-ch sf 2nd"]
[Site "Tunja"]
[Date "2018.04.19"]
[Round "5"]
[White "Pena, Fernando"]
[Black "Moncada Correa, Sara"]
[Result "1-0"]
[WhiteElo "1900"]
[BlackElo "1651"]
[PlyCount "41"]
[EventDate "2018.04.17"]
[EventType "swiss"]
[EventRounds "10"]
[EventCountry "COL"]
[SourceTitle "CBM 184 Extra"]
[Source "ChessBase"]
[SourceDate "2018.06.28"]
[SourceVersion "1"]
[SourceVersionDate "2018.06.28"]
[SourceQuality "1"]

1. e4 e6 2. d4 d5 3. Nc3 dxe4 4. Nxe4 Nd7 5. Nf3 Ngf6 6. Bd3 c5 7. c3 Be7 8. Ng3 Qc7 9. 0-0 0-0 10. Re1 b6 11. Bg5 Bb7 12. Nf5 Rfe8 13. Nxe7+ Rxe7 14. Ne5 Ree8 15. Re3 h6 16. Bh4 Nxe5 17. dxe5 Nd5 18. Re4 Nxc3 19. bxc3 Bxe4 20. Bxe4 Qxe5 21. Bxa8 1-0

[Event "COL-ch sf 2nd"]
[Site "Tunja"]
[Date "2018.04.18"]
[Round "3"]
[White "Pena, Fernando"]
[Black "Zuluaga Mancilla, Cesar"]
[Result "0-1"]
[WhiteElo "1900"]
[BlackElo "2300"]
[PlyCount "106"]
[EventDate "2018.04.17"]
[EventType "swiss"]
[EventRounds "10"]
[EventCountry "COL"]
[SourceTitle "CBM 184 Extra"]
[Source "ChessBase"]
[SourceDate "2018.06.28"]
[SourceVersion "1"]
[SourceVersionDate "2018.06.28"]
[SourceQuality "1"]

1. c4 e5 2. Nc3 Nf6 3. g3 d5 4. cxd5 Nxd5 5. Bg2 Nb6 6. Nf3 Nc6 7. d3 Be7 8. 0-0 0-0 9. b3 Re8 10. Bb2 Bf8 11. Qd2 h6 12. Rac1 a5 13. Nb5 a4 14. Nxe5 Nxe5 15. Nxc7 Nbc4 16. Qf4 Qxc7 17. Rxc4 Qd6 18. Re4 g5 19. Qd2 Bf5 20. Rd4 Qg6 21. Bxb7 Rab8 22. Bd5 axb3 23. axb3 Be6 24. Bxe6 Qxe6 25. Re4 Qd5 26. b4 Ng6 27. Rxe8 Rxe8 28. f4 gxf4 29. gxf4 f5 30. Rf3 Kh7 31. Rg3 Re7 32. Bf6 Rb7 33. Bc3 Bxb4 34. Bxb4 Qd4+ 35. e3 Qxb4 36. Qa2 Qb1+ 37. Qxb1 Rxb1+ 38. Kg2 Rd1 39. d4 Rd2+ 40. Kh3 Kg7 41. Rg1 Rd3 42. Rg3 Kf6 43. Kg2 Rd2+ 44. Kg1 h5 45. h3 h4 46. Rf3 Ke6 47. Kf1 Kd5 48. Ke1 Ra2 49. Rf2 Ra1+ 50. Ke2 Ke4 51. Kd2 Ra2+ 52. Ke1 Rxf2 53. Kxf2 Ne7 0-1

[Event "COL-ch Amateur U2000"]
[Site "Bogota"]
[Date "2017.03.04"]
[Round "5"]
[White "Dabraccio, Guillermo"]
[Black "Pena, Fernando"]
[Result "0-1"]
[WhiteElo "1704"]
[BlackElo "1883"]
[PlyCount "50"]
[EventDate "2017.03.02"]
[EventType "swiss"]
[EventRounds "7"]
[EventCountry "COL"]
[SourceTitle "CBM 177 Extra"]
[Source "ChessBase"]
[SourceDate "2017.04.27"]
[SourceVersion "1"]
[SourceVersionDate "2017.04.27"]
[SourceQuality "1"]

1. d4 Nf6 2. Nf3 e6 3. e3 c5 4. Bd3 Nc6 5. b3 b6 6. a3 Bb7 7. Bb2 cxd4 8. exd4 Be7 9. 0-0 0-0 10. c4 d5 11. Nbd2 Bd6 12. Rc1 Rc8 13. Re1 Bb8 14. cxd5 Nxd5 15. Nc4 Nf4 16. Bf1 Qd5 17. Ne3 Qh5 18. Ne5 Qh6 19. N3g4 Qg5 20. g3 Nxe5 21. Nxe5 Ng6 22. Rxc8 Rxc8 23. Nxg6 hxg6 24. Bg2 Bd5 25. Bc1 Qd8 0-1

[Event "COL sub zt 2.3.4"]
[Site "La Dorada"]
[Date "2016.11.06"]
[Round "8"]
[White "Pena, Fernando"]
[Black "Gonzalez Ballen, Miguel Eduardo"]
[Result "1/2-1/2"]
[WhiteElo "1886"]
[BlackElo "1957"]
[PlyCount "53"]
[EventDate "2016.11.02"]
[EventType "swiss"]
[EventRounds "9"]
[EventCountry "COL"]
[SourceTitle "CBM 175 Extra"]
[Source "ChessBase"]
[SourceDate "2016.12.12"]
[SourceVersion "1"]
[SourceVersionDate "2016.12.12"]
[SourceQuality "1"]

1. d4 f5 2. c4 Nf6 3. Nc3 e6 4. g3 Be7 5. Bg2 0-0 6. e3 c6 7. Nge2 d5 8. b3 Qe8 9. Bb2 Na6 10. 0-0 Bd7 11. Nf4 g5 12. Nd3 Qg6 13. Ne5 Qh6 14. f4 Be8 15. h3 Kh8 16. Qe1 Bh5 17. a3 Nb8 18. cxd5 cxd5 19. Nb5 Na6 20. Rc1 gxf4 21. exf4 Ne4 22. g4 Be8 23. g5 Nxg5 24. fxg5 Bxg5 25. Nd6 Be3+ 26. Kh1 Bh5 27. Nb5 1/2-1/2

[Event "Bogota Distrital qual"]
[Site "Bogota"]
[Date "2016.03.20"]
[Round "5"]
[White "Pena, Fernando"]
[Black "Angel, Antonio"]
[Result "1-0"]
[WhiteElo "1893"]
[BlackElo "1868"]
[PlyCount "111"]
[EventDate "2016.03.18"]
[EventType "swiss"]
[EventRounds "6"]
[EventCountry "COL"]
[SourceTitle "CBM 171 Extra"]
[Source "ChessBase"]
[SourceDate "2016.04.26"]
[SourceVersion "1"]
[SourceVersionDate "2016.04.26"]
[SourceQuality "1"]

1. e4 c5 2. f4 d5 3. exd5 Qxd5 4. Nc3 Qd8 5. Bc4 Nf6 6. Nf3 g6 7. Ne5 e6 8. Qe2 Bg7 9. d3 Nc6 10. Nxc6 bxc6 11. f5 0-0 12. fxg6 hxg6 13. 0-0 Rb8 14. Kh1 Nd5 15. Ne4 Qe7 16. Bb3 f5 17. Ng3 Qd6 18. c3 Be5 19. Qf2 Rb7 20. d4 Bxg3 21. Qxg3 Qxg3 22. hxg3 cxd4 23. cxd4 Rh7+ 24. Kg1 Ba6 25. Re1 Kf7 26. Bxd5 cxd5 27. Bf4 Rc8 28. Rac1 Rhh8 29. Kf2 Bd3 30. Be5 Rxc1 31. Rxc1 Re8 32. Rh1 g5 33. Rh7+ Kg6 34. Rxa7 Kh5 35. a4 Kg4 36. Ke3 Be4 37. b4 Rc8 38. Bc7 Rh8 39. b5 Rh1 40. b6 Re1+ 41. Kd2 Rg1 42. b7 Rxg2+ 43. Ke3 Ra2 44. b8Q Ra3+ 45. Kd2 Ra2+ 46. Kc3 Rc2+ 47. Kb3 f4 48. gxf4 gxf4 49. Bxf4 Rf2 50. Be3 Rf5 51. Rg7+ Kf3 52. Qg3+ Ke2 53. Bf4 Bf3 54. Qh2+ Kd3 55. Qd2+ Ke4 56. Qe3# 1-0

[Event "Bogota University op 9th"]
[Site "Bogota"]
[Date "2015.10.12"]
[Round "9"]
[White "Suarez Espinosa, Luis Alberto"]
[Black "Pena, Fernando"]
[Result "0-1"]
[WhiteElo "1680"]
[BlackElo "1906"]
[PlyCount "97"]
[EventDate "2015.10.08"]
[EventType "swiss"]
[EventRounds "9"]
[EventCountry "COL"]
[SourceTitle "CBM 168 Extra"]
[Source "ChessBase"]
[SourceDate "2015.10.29"]
[SourceVersion "1"]
[SourceVersionDate "2015.10.29"]
[SourceQuality "1"]

1. c4 c5 2. g3 g6 3. Bg2 Bg7 4. Nc3 Nc6 5. d3 Nf6 6. e4 d6 7. Nge2 0-0 8. 0-0 Bg4 9. h3 Bd7 10. Be3 a6 11. Qd2 Rb8 12. Bh6 b5 13. Bxg7 Kxg7 14. Nd5 e6 15. Nxf6 Qxf6 16. b3 Nd4 17. Nxd4 Qxd4 18. Qa5 Bc6 19. Qxa6 Rfc8 20. Qa3 Ra8 21. Qc1 Ra7 22. Rd1 Rca8 23. Rd2 Ra3 24. Qb2 Rxb3 25. Qxd4+ cxd4 26. Rc1 Rc3 27. Rcc2 Raa3 28. cxb5 Rxc2 29. Rxc2 Bxb5 30. Bf1 Bxd3 31. Bxd3 Rxd3 32. Rc6 Ra3 33. Rxd6 e5 34. Kg2 Rxa2 35. Kf3 h5 36. h4 Kf8 37. Rd7 Ke8 38. Rd5 f6 39. Rb5 Ra6 40. Rb7 Rd6 41. Ke2 Rd7 42. Rb6 Kf7 43. Kd3 f5 44. exf5 gxf5 45. Rh6 e4+ 46. Kd2 Rd8 47. Rxh5 Kg6 48. g4 fxg4 49. Rb5 0-1

[Event "COL-ch Amateur"]
[Site "Colombia"]
[Date "2014.03.15"]
[Round "7"]
[White "Cordoba Rodriguez, Milton Dennis"]
[Black "Pena, Fernando"]
[Result "1-0"]
[WhiteElo "1939"]
[BlackElo "1945"]
[PlyCount "53"]
[EventDate "2014.03.12"]
[EventType "swiss"]
[EventRounds "9"]
[EventCountry "COL"]
[SourceTitle "CBM 159 Extra"]
[Source "ChessBase"]
[SourceDate "2014.04.24"]
[SourceVersion "1"]
[SourceVersionDate "2014.04.24"]
[SourceQuality "1"]

1. e4 c5 2. Nf3 g6 3. Nc3 Bg7 4. Bc4 Nc6 5. 0-0 a6 6. d3 h6 7. a3 d6 8. Qe2 Bg4 9. Qe3 Bxf3 10. Qxf3 Ne5 11. Qe3 Nxc4 12. dxc4 e6 13. Rd1 Ne7 14. Qd3 Nc6 15. Bf4 Ne5 16. Qe2 Qb6 17. Rab1 0-0 18. b3 Kh7 19. Be3 Qc7 20. a4 h5 21. h3 Rad8 22. Na2 Rd7 23. Nc1 Nc6 24. Nd3 Nd4 25. Qd2 f5 26. exf5 exf5 27. Nf4 1-0

[Event "COL-ch Amateur"]
[Site "Colombia"]
[Date "2014.03.12"]
[Round "2"]
[White "Pena, Fernando"]
[Black "Torres, Carlos"]
[Result "1-0"]
[WhiteElo "1945"]
[BlackElo "1709"]
[PlyCount "53"]
[EventDate "2014.03.12"]
[EventType "swiss"]
[EventRounds "9"]
[EventCountry "COL"]
[SourceTitle "CBM 159 Extra"]
[Source "ChessBase"]
[SourceDate "2014.04.24"]
[SourceVersion "1"]
[SourceVersionDate "2014.04.24"]
[SourceQuality "1"]

1. e4 e5 2. Nf3 Nc6 3. d4 exd4 4. Bc4 Nf6 5. e5 d5 6. Bb5 Ne4 7. 0-0 Bd7 8. Bxc6 Bxc6 9. Nxd4 Bd7 10. f3 Nc5 11. Nc3 c6 12. Re1 Be7 13. Kh1 0-0 14. a3 Ne6 15. Nf5 Bc5 16. b4 Bb6 17. Qd3 g6 18. Nh6+ Kh8 19. Ng4 Bc7 20. g3 h5 21. Nf6 Bxe5 22. Nxd7 Bxc3 23. Nxf8 Bxe1 24. Nxe6 Qf6 25. Nd4 Bf2 26. Be3 Bxe3 27. Qxe3 1-0

[Event "Bogota Region-ch Amateur"]
[Site "Bogota"]
[Date "2012.03.03"]
[Round "4.3"]
[White "Prado, Leonardo"]
[Black "Pena, Fernando"]
[Result "1-0"]
[WhiteElo "1991"]
[BlackElo "1945"]
[PlyCount "109"]
[EventDate "2012.03.01"]
[EventType "swiss"]
[EventRounds "7"]
[EventCountry "COL"]
[SourceTitle "EXT 2024"]
[Source "ChessBase"]
[SourceDate "2023.10.10"]
[SourceVersion "1"]
[SourceVersionDate "2023.10.10"]
[SourceQuality "1"]

1. e4 e6 2. d4 c5 3. Nf3 cxd4 4. Nxd4 Nf6 5. Bd3 a6 6. 0-0 Qc7 7. Kh1 Bc5 8. Nb3 Ba7 9. Bg5 Nxe4 10. Bxe4 Qe5 11. Qf3 d5 12. Bxd5 exd5 13. Bf4 Qf5 14. Nc3 Be6 15. Rad1 0-0 16. Nxd5 Bxd5 17. Rxd5 Qxc2 18. Bd6 Re8 19. Rd2 Qc4 20. Rfd1 Nc6 21. h3 Rad8 22. Qg3 Qe6 23. Rd5 f6 24. R5d3 a5 25. Bc5 Bb8 26. Bd6 Bxd6 27. Rxd6 Rxd6 28. Rxd6 Qf5 29. Nd2 Re1+ 30. Kh2 Qe5 31. Rd7 Qxg3+ 32. Kxg3 Re7 33. Rd5 Kf7 34. Nc4 Ne5 35. Nxa5 b6 36. Nb3 Nc4 37. Nd4 Nxb2 38. Nf5 Rc7 39. Rb5 Nc4 40. Rb4 Ke6 41. Nd4+ Kd5 42. Nb5 Re7 43. h4 Kc5 44. Rb1 Re2 45. Nc3 Rc2 46. Rb3 Kc6 47. a4 Na5 48. Ra3 Kc5 49. Nd1 Kb4 50. Rd3 Rc7 51. Rd4+ Nc4 52. Ne3 Kc3 53. Rd1 Nxe3 54. fxe3 Ra7 55. Rd4 1-0

[Event "Bogota Region-ch Amateur"]
[Site "Bogota"]
[Date "2012.03.02"]
[Round "2.8"]
[White "Hurtado, Juan Eduardo"]
[Black "Pena, Fernando"]
[Result "0-1"]
[WhiteElo "1627"]
[BlackElo "1945"]
[PlyCount "52"]
[EventDate "2012.03.01"]
[EventType "swiss"]
[EventRounds "7"]
[EventCountry "COL"]
[SourceTitle "EXT 2024"]
[Source "ChessBase"]
[SourceDate "2023.10.10"]
[SourceVersion "1"]
[SourceVersionDate "2023.10.10"]
[SourceQuality "1"]

1. d4 e6 2. e4 c5 3. Nf3 cxd4 4. Nxd4 a6 5. Be2 Nf6 6. Nd2 Qc7 7. 0-0 Bc5 8. N4b3 Ba7 9. c4 h5 10. Qc2 Nc6 11. Nf3 Ng4 12. g3 h4 13. Bf4 e5 14. Bd2 hxg3 15. hxg3 d6 16. Kg2 Bd7 17. Rac1 a5 18. a4 Nb4 19. Bxb4 axb4 20. a5 Bxf2 21. Qd3 Bc5 22. Nxc5 Qxc5 23. Ra1 Ne3+ 24. Kf2 Nxf1+ 25. Kxf1 Rh1+ 26. Kg2 Rxa1 0-1

[Event "Bogota Univ Central op-A 5th"]
[Site "Bogota"]
[Date "2011.10.14"]
[Round "2.1"]
[White "Pena, Fernando"]
[Black "Rojas Barrero, Andres Humberto"]
[Result "0-1"]
[WhiteElo "2021"]
[BlackElo "2262"]
[PlyCount "31"]
[EventDate "2011.10.13"]
[EventType "swiss"]
[EventRounds "9"]
[EventCountry "COL"]
[SourceTitle "EXT 2024"]
[Source "ChessBase"]
[SourceDate "2023.10.10"]
[SourceVersion "1"]
[SourceVersionDate "2023.10.10"]
[SourceQuality "1"]

1. e4 e5 2. Nf3 Nc6 3. Bb5 f5 4. d3 Nf6 5. 0-0 Bc5 6. Nc3 0-0 7. Ng5 Kh8 8. Bc4 Qe8 9. exf5 Nd4 10. Nge4 Bb6 11. g4 c6 12. g5 Nxe4 13. dxe4 d5 14. exd5 cxd5 15. Bxd5 Bd7 16. g6 0-1

[Event "COL-ch sf"]
[Site "Santa Rosa"]
[Date "2011.06.24"]
[Round "6"]
[White "Pena, Fernando"]
[Black "Segura, John Jairo"]
[Result "1-0"]
[WhiteElo "2087"]
[BlackElo "1927"]
[PlyCount "52"]
[EventDate "2011.06.22"]
[EventType "swiss"]
[EventRounds "11"]
[EventCountry "COL"]
[SourceTitle "CBM 143 Extra"]
[Source "ChessBase"]
[SourceDate "2011.08.29"]
[SourceVersion "1"]
[SourceVersionDate "2011.08.29"]
[SourceQuality "1"]

1. e4 e5 2. Nf3 Nf6 3. Nc3 d6 4. d4 exd4 5. Nxd4 Be7 6. Bd3 Nc6 7. Nxc6 bxc6 8. h3 0-0 9. 0-0 Nd7 10. f4 Bf6 11. Be3 c5 12. Rb1 Bb7 13. Bf2 c4 14. Bxc4 Bxc3 15. bxc3 Bxe4 16. Re1 Bc6 17. Re3 Nc5 18. Bd5 Bxd5 19. Qxd5 Qf6 20. Rbe1 g6 21. Qxa8 Rxa8 22. Re8+ Rxe8 23. Rxe8+ Kg7 24. Bd4 a6 25. Rc8 Ne6 26. Bxf6+ Kxf6 1-0

[Event "Bogota Mayores Distrital op 03"]
[Site "Bogota"]
[Date "2011.03.21"]
[Round "6.1"]
[White "Pena, Fernando"]
[Black "Ruiz Aguilar, Pablo Alexander"]
[Result "0-1"]
[WhiteElo "2058"]
[BlackElo "2283"]
[PlyCount "72"]
[EventDate "2011.03.18"]
[EventType "swiss"]
[EventRounds "7"]
[EventCountry "COL"]
[SourceTitle "EXT 2024"]
[Source "ChessBase"]
[SourceDate "2023.10.10"]
[SourceVersion "1"]
[SourceVersionDate "2023.10.10"]
[SourceQuality "1"]

1. e4 c5 2. Nf3 a6 3. d4 cxd4 4. Nxd4 Nf6 5. Nc3 e5 6. Nf3 Bb4 7. Bc4 Qc7 8. Qd3 b5 9. Bd5 Nxd5 10. exd5 d6 11. 0-0 Bxc3 12. bxc3 Nd7 13. Be3 Nc5 14. Bxc5 Qxc5 15. a4 Bd7 16. Nd2 bxa4 17. Ne4 Qc7 18. Qg3 0-0 19. Nf6+ Kh8 20. Qh4 Bf5 21. Rxa4 Qd8 22. Nh5 Qxh4 23. Rxh4 Bxc2 24. Rc1 Bg6 25. Ng3 a5 26. Ra4 Rfc8 27. f3 f5 28. Kf2 Be8 29. Ra3 g6 30. Ke1 Rc5 31. c4 Rb8 32. Rc2 Rb4 33. Kd2 Kg7 34. Kd3 Bb5 35. Rac3 Rxd5+ 36. Ke2 Rxc4 0-1